000 00603nam a2200229Ia 4500
003 OSt
005 20221007080628.0
006 a|||||r|||| 00| 0
007 ta
008 221006b |||||||| |||| 00| 0 eng d
024 _a17,979
037 _cTextual
040 _aFLL
_cFLL
_beng
041 _2eng
_aeng
082 _aY17:45:503, H3
100 _aBonger W.A. Au.
_9695097
245 0 _aRace and crime
260 _aNew Jersey
_b Patterson smith U.S.A.
_c1943
300 _a130p
_ccm.
942 _hY17:45:503, H3
_cTEXL
_2CC
999 _c1160348
_d1160348